| 000 | 01065nam a2200229 a 4500 | ||
|---|---|---|---|
| 008 | 120416s1994 ||||||||||||||||| || u | ||
| 020 | _a0750617632 | ||
| 050 | _aHD 58.7 Tso | ||
| 100 | _aTsoukas, Haridimos | ||
| 245 | 1 | 0 | _aNew thinking in organisational behaviour |
| 246 | _afrom social engineering to reflective action | ||
| 260 |
_aOxford _bButterworth-Heinemann _c1994 |
||
| 300 | _axi, 254 p. : ill. | ||
| 350 | _a0.00 | ||
| 490 | _aManagement readers | ||
| 500 | _aIncludes bibliographies and index. | ||
| 650 | 0 | _aMANAGEMENT | |
| 650 | _aORGANIZATIONAL BEHAVIOUR | ||
| 995 |
_aMAIN LIBRARY OPEN ACCESS _D0.00 _e730227 _FCBU-MAIN LIBRARY (Kitwe) _H3 _I34.95 _jHD 58.7 Tso _M3 _UAVAILABLE _y027250 _ZMain Library Open Access Collection |
||
| 995 |
_aANNEX COLLECTION (Main Library) _D0.00 _e730225 _FCBU-MAIN LIBRARY (Kitwe) _H1 _I34.95 _jHD 58.7 Tso _M1 _UAVAILABLE _y027101 _ZAnnex Low-Usage Collection |
||
| 995 |
_aMAIN LIBRARY OPEN ACCESS _D0.00 _e730226 _FCBU-MAIN LIBRARY (Kitwe) _H2 _I34.95 _jHD 58.7 Tso _M2 _UAVAILABLE _y027102 _ZMain Library Open Access Collection |
||
| 999 |
_c78794 _d78794 |
||